Llibre vermell de la ciutat de Girona (1188-1624) / edició a cura de Griselda Juliol i Albertí
ISBN:
84-7935-887-4
Descripción Física:
757 p. ; 24 cm
Colección:
Llibres de privilegis ; 8
MARC
| LEADER | 00000nam a2200000Ia 4500 | ||
|---|---|---|---|
| 001 | 13551 | ||
| 008 | 160829s2001 xx 000 0 cat d | ||
| 020 | |a 84-7935-887-4 | ||
| 080 | |a H-2-125 | ||
| 245 | |a Llibre vermell de la ciutat de Girona (1188-1624) / edició a cura de Griselda Juliol i Albertí | ||
| 260 | |a Barcelona : |b Fundació Noguera ; Lleida : |b Pagès, |c 2001 | ||
| 300 | |a 757 p. ; |c 24 cm | ||
| 490 | |a Llibres de privilegis ; 8 | ||
| 590 | |a A la portada: Ajuntament de Girona. | ||
| 590 | |a Apèndixs. | ||
| 590 | |a Índexs | ||
| 650 | |a Privilegis i immunitats |x Girona |x 1188/1624 |9 27997 | ||
| 650 | |a Girona |x Història |x 1188/1624 |x Fonts |9 27998 | ||
| 700 | 1 | |a Juliol i Albertí, Griselda |9 27999 | |
| 700 | |a Fundació Noguera |9 70407 | ||
| 710 | 1 | |a Girona (Catalunya). |b Ajuntament |9 54942 | |
| 901 | |a Arxiu | ||
| 942 | |n 1 | ||
| 952 | |0 0 |1 0 |4 0 |6 H2125 |7 1 |9 44628 |a Arxiu |b Arxiu |d 2016-12-01 |l 0 |o H-2-125 |p 13551 |r 2016-12-01 00:00:00 |w 2016-12-01 |y ARXIU | ||
| 999 | |c 47209 |d 47209 | ||